CO-MAT-TECH 2004 12 International Scientific Conference, Trnava, [14-15 October] 2004 : proceedings of the Abstracts
| Corporate Author: | |
|---|---|
| Other Authors: | , |
| Format: | Conference Proceeding Book |
| Language: | English German Russian Slovak |
| PhysicalDescription: | 256 s. fotogr., sch. 20 cm |
| Published: |
Bratislava
Slovak University of Technology
2004
|
| ISBN: | 8022721212 |
| Edition: | [1st ed.] |
| Subjects: |
MARC
| LEADER | 00000cam a2200000 a 4500 | ||
|---|---|---|---|
| 001 | vtls001486781 | ||
| 003 | SK-MaSNL | ||
| 005 | 20260301015308.0 | ||
| 008 | 240226s2004 xo a f a 100 0 eng | ||
| 020 | |a 8022721212 |q (brož.) | ||
| 035 | |a SNK000442073 | ||
| 035 | |a urn:nbn:sk:snk-amlegq | ||
| 035 | |a urn:nbn:sk:snk-am008ydo | ||
| 035 | |a 21C72C5E-490C-4222-9B59-680C98E11E63 | ||
| 040 | |a SNK |b slo |c SNK |e AACR2 | ||
| 041 | 0 | |a eng |a ger |a rus |a slo | |
| 044 | |a xo |c SK | ||
| 072 | 7 | |a 621 |x Strojárstvo |2 konspekt | |
| 080 | |a 621 |2 1997 | ||
| 080 | |a (063)2MDT-MFR\ |2 1981 | ||
| 080 | |a (048.3)2MDT-MFR\ |2 1981 | ||
| 111 | 2 | |a CO-MAT-TECH |n (12. : |d 2004 : |c Trnava, Slovensko) |4 aut |9 304919 | |
| 245 | 1 | 0 | |a CO-MAT-TECH 2004 |b 12 International Scientific Conference, Trnava, [14-15 October] 2004 : proceedings of the Abstracts |c [edited by: Kvetoslava Rešetová, Rastislav Ďuriš] |
| 250 | |a [1st ed.] | ||
| 260 | |a Bratislava |b Slovak University of Technology |c 2004 | ||
| 300 | |a 256 s. |b fotogr., sch. |c 20 cm | ||
| 366 | |e 200 výtl. | ||
| 546 | |a Čiast. text rus., nem. a slov. | ||
| 650 | 0 | 7 | |a strojárstvo |2 SNKPH |9 674 |
| 650 | 0 | 7 | |a strojárska technológia |2 SNKPH |9 65980 |
| 655 | 7 | |a zborníky konferencií |2 SNKPH |9 70153 | |
| 655 | 7 | |a abstrakty |2 SNKPH |9 22516 | |
| 700 | 1 | |a Rešetová, Kvetoslava |4 com |9 275239 | |
| 700 | 1 | |a Ďuriš, Rastislav |4 com |9 13037 | |
| 710 | 2 | |a Slovenská technická univerzita v Bratislave |4 pbl |9 239337 | |
| 919 | |a 80-227-2121-2 | ||
| 958 | |a OND | ||
| 999 | |c 560486 |d 562416 | ||
| 952 | |t P60, <03>, [BOOK], {603}, -K- |a SNK |b SNK |y PREZ |7 0 |p 17A0451631 |o snkSC 118348 |i snkKSP 15794/2004 |0 0 |1 0 |4 0 |d 2004-12-09 |f 1 |l 0 |r 2025-10-07 00:00:00 |w 2026-02-23 | ||
| 952 | |t P60, <04>, [BOOK], {604} |a SNK |b SNK |y VYP |7 0 |p 17A0451630 |o snkSC 118348 D1 |i snkKSP 15795/2004 |0 0 |1 0 |4 0 |d 2004-12-09 |l 0 |r 2005-01-02 00:00:00 |w 2026-02-23 | ||


